书目信息 |
| 题名: |
R与Hadoop大数据分析实战
|
|
| 作者: | 普贾帕提 著 ;王威扬 , 孙思栋 , 李明 译 | |
| 分册: | ||
| 出版信息: | 北京 机械工业出版社 2014.11 |
|
| 页数: | XVIII, 159页 | |
| 开本: | 24cm | |
| 丛书名: | 大数据技术丛书 | |
| 单 册: | ||
| 中图分类: | TP312R , TP274 | |
| 科图分类: | ||
| 主题词: | 程序语言--cheng xu yu yan--程序设计 , 数据处理软件--shu ju chu li ruan jian | |
| 电子资源: | ||
| ISBN: | 978-7-111-48352-6 | |
| 000 | 01521nam 2200349 450 | |
| 001 | CAL 0120141440229 | |
| 005 | 20160301152137.20 | |
| 010 | @a978-7-111-48352-6@dCNY49.00 | |
| 100 | @a20150902d2014 em y0chiy50 ea | |
| 101 | 1 | @achi@cinc |
| 102 | @aCN@b110000 | |
| 105 | @aak z 000yy | |
| 200 | 1 | @aR与Hadoop大数据分析实战@AR yu Hadoopda shu ju fen xi shi zhan@d= Big Data analytics with R and hadoop@f(印) Vignesh Prajapati著@g李明, 王威扬, 孙思栋等译@zeng |
| 210 | @a北京@c机械工业出版社@d2014.11 | |
| 215 | @aXVIII, 159页@c图@d24cm | |
| 225 | 2 | @a大数据技术丛书@Ada shu ju ji shu cong shu |
| 306 | @a由Packt Publishing授权出版 | |
| 314 | @a责任者规范汉译姓: 普贾帕提 | |
| 330 | @a本书共7章, 分为四部分: 第一部分是基础知识, 主要讲解R语言以及Hadoop的安装过程、计算原理和基本概念 ; 第二部分是初级应用, 主要讲解RHIPE、RHadoop和Hadoop Streaming三种实现方案 ; 第三部分是高级实例, 主要以RHadoop为技术背景, 讲解多个实际应用案例 ; 第四部分是数据库连接, 主要讲解在RHadoop下如何与各类数据库进行连接。 | |
| 410 | 0 | @12001 @a大数据技术丛书 |
| 510 | 1 | @aBig Data analytics with R and hadoop@zeng |
| 606 | 0 | @a程序语言@Acheng xu yu yan@x程序设计 |
| 606 | 0 | @a数据处理软件@Ashu ju chu li ruan jian |
| 610 | 0 | @aHadoop |
| 690 | @aTP312R@v5 | |
| 690 | @aTP274@v5 | |
| 701 | 1 | @a普贾帕提@Apu jia pa ti@g(Prajapati, Vignesh)@4著 |
| 702 | 0 | @a王威扬@Awang wei yang@4译 |
| 702 | 0 | @a孙思栋@Asun si dong@4译 |
| 702 | 0 | @a李明@Ali ming@4译 |
| 801 | 0 | @aCN@c20150902 |
| 905 | @a241430@dTP312R@eP894@f1 | |
| R与Hadoop大数据分析实战= Big Data analytics with R and hadoop/(印) Vignesh Prajapati著/李明, 王威扬, 孙思栋等译.-北京:机械工业出版社,2014.11 |
| XVIII, 159页:图;24cm.-(大数据技术丛书) |
| ISBN 978-7-111-48352-6:CNY49.00 |
| 本书共7章, 分为四部分: 第一部分是基础知识, 主要讲解R语言以及Hadoop的安装过程、计算原理和基本概念 ; 第二部分是初级应用, 主要讲解RHIPE、RHadoop和Hadoop Streaming三种实现方案 ; 第三部分是高级实例, 主要以RHadoop为技术背景, 讲解多个实际应用案例 ; 第四部分是数据库连接, 主要讲解在RHadoop下如何与各类数据库进行连接。 |
| ● |
| 相关链接 |
|
|
|
正题名:R与Hadoop大数据分析实战
索取号:TP312R/P894
 
预约/预借
| 序号 | 登录号 | 条形码 | 馆藏地/架位号 | 状态 | 备注 |
| 1 | 1156777 | 211567776 | 自科库301/301自科库 86排2列5层/ [索取号:TP312R/P894] | 在馆 | |
| 2 | 1222279 | 212222799 | 计算机与数据科学学院资料室/ [索取号:TP312R/P894] | 在馆 |